Catálogo

Histología : (Registro nro. 71137)

Detalles MARC
000 -LEADER
fixed length control field 01546cam a2200373 i 4500
001 - CONTROL NUMBER
control field 71137
003 - CONTROL NUMBER IDENTIFIER
control field Mx-PuUPA
005 - DATE AND TIME OF LATEST TRANSACTION
control field 20240912113848.0
008 - FIXED-LENGTH DATA ELEMENTS--GENERAL INFORMATION
fixed length control field 240506s2024 sp a|||fr|||| 001 0 spa d
017 ## - COPYRIGHT OR LEGAL DEPOSIT NUMBER
Copyright or legal deposit number M-27859-2023
020 ## - INTERNATIONAL STANDARD BOOK NUMBER
International Standard Book Number 9788419663924
040 ## - CATALOGING SOURCE
Original cataloging agency Mx-PuUPA
Language of cataloging spa
Transcribing agency Mx-PuUPA
Modifying agency Mx-PuUPA
Description conventions rda
041 1# - LANGUAGE CODE
Language code of text/sound track or separate title spa
Language code of original eng
100 1# - MAIN ENTRY--PERSONAL NAME
Personal name Ross, Michael H.
9 (RLIN) 3944
Relator term autor
240 10 - UNIFORM TITLE
Uniform title Histology : a text and atlas : with correlated cell and molecular biology.
Language of a work Español
245 10 - TITLE STATEMENT
Title Histología :
Remainder of title texto y atlas color con biología celular y molecular /
Statement of responsibility, etc. Wojciech Pawlina ; traducción de Wolters Kluwer
250 ## - EDITION STATEMENT
Edition statement 9a. edición
264 #1 - PRODUCTION, PUBLICATION, DISTRIBUTION, MANUFACTURE, AND COPYRIGHT NOTICE
Place of production, publication, distribution, manufacture Barcelona, España :
Name of producer, publisher, distributor, manufacturer Wolters Kluwer,
Date of production, publication, distribution, manufacture, or copyright notice 2024
300 ## - PHYSICAL DESCRIPTION
Extent xvii, 1081 páginas :
Other physical details ilustraciones ;
Dimensions 29 cm
336 ## - CONTENT TYPE
Fuente rdacontent
Content type term texto
Content type code txt
336 ## - CONTENT TYPE
Fuente rdacontent
Content type term imagen fija
Content type code sti
337 ## - MEDIA TYPE
Source rdamedia
Media type term sin medio
Media type code n
338 ## - CARRIER TYPE
Source rdacarrier
Carrier type term volumen
Carrier type code nc
650 #7 - SUBJECT ADDED ENTRY--TOPICAL TERM
Source of heading or term armarc
Topical term or geographic name entry element Histología
Chronological subdivision Estudio y enseñanza
650 #7 - SUBJECT ADDED ENTRY--TOPICAL TERM
Source of heading or term armarc
Topical term or geographic name entry element Citología
650 #7 - SUBJECT ADDED ENTRY--TOPICAL TERM
Source of heading or term armarc
Topical term or geographic name entry element Células
General subdivision Biología
700 1# - ADDED ENTRY--PERSONAL NAME
Personal name Ross, Michael H.
Relator term autor
9 (RLIN) 3944
710 0# - ADDED ENTRY--CORPORATE NAME
Corporate name or jurisdiction name as entry element Wolters Kluwer,
Relator term traductor
765 0# - ORIGINAL LANGUAGE ENTRY
Main entry heading Ross, Michael H.
Title Histology : a text and atlas : with correlated cell and molecular biology
Edition 8a. edición
Place, publisher, and date of publication Philadelphia, PA : Wolters Kluwer, 2024
International Standard Book Number 9781975181512
942 ## - ADDED ENTRY ELEMENTS (KOHA)
Source of classification or shelving scheme Dewey Decimal Classification
Koha item type Libro
Classification part 611.0181
Item part R78
Existencias
Withdrawn status Lost status Source of classification or shelving scheme Damaged status Not for loan Collection code Home library Current library Shelving location Date acquired Source of acquisition Cost, normal purchase price Total Checkouts Total Renewals Full call number Barcode Checked out Date last seen Date last checked out Copy number Cost, replacement price Price effective from Koha item type
    Dewey Decimal Classification     General Biblioteca Karol Wojtyla Biblioteca Karol Wojtyla Sala general 12/09/2024 12 1560.00 21 3 611.0181 R78 2024 105229 18/06/2026 04/06/2026 04/06/2026 Ej.3 1560.00 12/09/2024 Libro
    Dewey Decimal Classification     General Biblioteca Karol Wojtyla Biblioteca Karol Wojtyla Sala general 12/09/2024 12 1560.00 20 3 611.0181 R78 2024 105230   07/05/2026 06/05/2026 Ej.4 1560.00 12/09/2024 Libro
    Dewey Decimal Classification     General Biblioteca Karol Wojtyla Biblioteca Karol Wojtyla Sala general 12/09/2024 12 1560.00 7   611.0181 R78 2024 105228   11/05/2026 11/05/2026 Ej.2 1560.00 12/09/2024 Reserva permanente
    Dewey Decimal Classification     General Biblioteca Karol Wojtyla Biblioteca Karol Wojtyla Sala general 12/09/2024 12 1560.00 8   611.0181 R78 2024 105227   27/03/2026 27/03/2026   1560.00 12/09/2024 Reserva permanente
    Dewey Decimal Classification     General Biblioteca Karol Wojtyla Biblioteca Karol Wojtyla Sala general 12/09/2024 12 1560.00 21 5 611.0181 R78 2024 105231   18/05/2026 27/04/2026 Ej.5 1560.00 12/09/2024 Libro